000 00521nam a22001817a 4500
005 20260414112156.0
008 260414b |||||||| |||| 00| 0 eng d
020 _a978-81-203-4997-1
050 _aQ 335 .A34 2025
100 _aAKERKAR, RAJENDRA.
245 _aINTRODUCTION TO ARTICIAL INTELLIGENCE.
250 _a2ND
260 _aDELHI,
_bPHI LEARNING PRIVATE LIMITED,
_c2025.
300 _aXIX, 419 P, ILL
500 _aINCLUDES BIBLIOGRAPHY AND INDEX
650 _aARTIFICIAL INTELLIGENCE
942 _2lcc
_cBK
999 _c216942
_d216942